00549nam a2200157 i 450000100060000000300090000600500170001500700030003200800410003510000620007624501350013826000430027330000210031665000280033785200260036581365ES-MaACL20251005063055.0t|041104s1904 sp ||||1| spa d1 aHoyos y de la Torre, Isidoro, cMarqués de, d1838-190014aLos judíos españoles en el imperio austriaco y en los Balkanes b: estudio histórico / cpor Isidoro de Hoyos y de la Torre. aMadrid : b[s.n.], c1904 (fFortanet) a92 p. ; c25 cm.04aSefardíes-xHistoria. aES-MaACLjT-1453-F-11